Born in Middlesbrough - Statistics

General Stats
  • This quiz has been taken 45 times
    4 since last reset
  • The average score is 5 of 9
Answer Stats
Hint Answer % Correct
Singer, "Impossible" "Say You Won't Let Go" "Naked" 1988 James Arthur
100%
Owner of Middlesbrough FC 1958 Steve Gibson
100%
Former manager of Nottingham Forest and Derby County and footballer for Middlesbrough and Sunderland 1935 Brian Clough
75%
Singer, "Driving Home for Christmas" 1951 Chris Rea
75%
Manager of the Norwegian women's football national team since 2024 1982 Gemma Grainger
50%
Former footballer who played for Middlesbrough, Liverpool, West Ham and the English national team 1984 Stewart Downing
50%
Royal Air Force pilot, known for his role in the defence of Malta. He remains the most highly decorated RAF pilot of all time 1918 Adrian Warburton
25%
Actress, "Andor" "Game of Thrones" "Adolescence" 1986 Faye Marsay
25%
West End actor known for his role as Harry Potter in the original cast of "Harry Potter and the Cursed Child" 1979 Jamie Parker
25%
No matching quizzes found
Score Distribution
Percent of People with Each Score
Percentile by Number Answered
Your Score History
You have not taken this quiz since the last reset